[Event "Milan Crespi op-B 32nd"]
[Site "Milan"]
[Date "2011.12.11"]
[Round "7"]
[White "Cocconcelli, Lorenzo"]
[Black "Arboscelli, Gregorio"]
[Result "1/2-1/2"]
[WhiteElo "1900"]
[BlackElo "1907"]
[PlyCount "77"]
[EventDate "2011.12.07"]
[EventType "swiss"]
[EventRounds "7"]
[EventCountry "ITA"]
[SourceTitle "EXT 2022"]
[Source "ChessBase"]
[SourceDate "2021.10.06"]
[SourceVersion "1"]
[SourceVersionDate "2021.10.06"]
[SourceQuality "1"]

1. d4 Nf6 2. c4 e6 3. Nf3 Bb4+ 4. Bd2 Qe7 5. g3 0-0 6. Bg2 Bxd2+ 7. Nbxd2 d6 8. 0-0 e5 9. e3 Re8 10. d5 a5 11. Qc2 Na6 12. a3 Bg4 13. Rab1 b6 14. b4 Reb8 15. Qc3 a4 16. e4 Qd7 17. Rfc1 h6 18. Qc2 Nh7 19. c5 bxc5 20. bxc5 Nxc5 21. Nxe5 dxe5 22. Qxc5 Rxb1 23. Rxb1 Ng5 24. Rc1 Rc8 25. Nc4 Re8 26. Qe3 f6 27. Nd2 Nh3+ 28. Bxh3 Bxh3 29. f4 exf4 30. Qxf4 Qb5 31. Qf2 Qb2 32. Re1 Qxa3 33. Qe3 Qa2 34. Qc3 a3 35. Ra1 Qb2 36. Rxa3 Qb6+ 37. Qe3 Qb2 38. Qc3 Qb6+ 39. Qe3 1/2-1/2

[Event "Milan Crespi op-B 32nd"]
[Site "Milan"]
[Date "2011.12.07"]
[Round "1"]
[White "Falchi, Claudio"]
[Black "Arboscelli, Gregorio"]
[Result "1/2-1/2"]
[WhiteElo "1784"]
[BlackElo "1907"]
[PlyCount "81"]
[EventDate "2011.12.07"]
[EventType "swiss"]
[EventRounds "7"]
[EventCountry "ITA"]
[SourceTitle "EXT 2022"]
[Source "ChessBase"]
[SourceDate "2021.10.06"]
[SourceVersion "1"]
[SourceVersionDate "2021.10.06"]
[SourceQuality "1"]

1. e4 c5 2. Nc3 Nc6 3. g3 g6 4. Bg2 Bg7 5. d3 d6 6. f4 e6 7. Nf3 Nge7 8. 0-0 0-0 9. Be3 Nd4 10. e5 dxe5 11. Nxe5 Nd5 12. Nxd5 exd5 13. b4 b6 14. bxc5 bxc5 15. Bxd4 cxd4 16. Nc6 Qd6 17. Bxd5 Bb7 18. Qf3 Rac8 19. Ne7+ Qxe7 20. Bxb7 Rxc2 21. Ba6 Qa3 22. Bc4 Qc3 23. Rab1 Qd2 24. Rf2 Rc1+ 25. Rxc1 Qxc1+ 26. Rf1 Qe3+ 27. Qxe3 dxe3 28. Re1 Rb8 29. Re2 Kf8 30. Kg2 Bd4 31. Kf3 f5 32. Kg2 Rb1 33. Kf3 a5 34. Bb3 Ke7 35. Rc2 Rf1+ 36. Kg2 Rf2+ 37. Rxf2 exf2 38. Kf1 Kf6 39. Bd1 h6 40. h3 g5 41. Be2 1/2-1/2

[Event "Milan Befana op"]
[Site "Milan"]
[Date "2011.01.05"]
[Round "5"]
[White "Guzzetti, Luigi Enrico"]
[Black "Arboscelli, Gregorio"]
[Result "0-1"]
[WhiteElo "1952"]
[BlackElo "1906"]
[PlyCount "94"]
[EventDate "2011.01.02"]
[EventType "swiss"]
[EventRounds "6"]
[EventCountry "ITA"]
[SourceTitle "EXT 2012"]
[Source "ChessBase"]
[SourceDate "2011.11.24"]
[SourceVersion "1"]
[SourceVersionDate "2011.11.24"]
[SourceQuality "1"]

1. e4 e5 2. Nf3 Nc6 3. Bb5 a6 4. Ba4 Nf6 5. 0-0 Be7 6. Re1 b5 7. Bb3 d6 8. h3 0-0 9. c3 Nb8 10. d4 Nbd7 11. Nbd2 Bb7 12. Bc2 Re8 13. Nf1 Bf8 14. Ng3 g6 15. Bg5 h6 16. Bd2 Bg7 17. Nh2 d5 18. Qc1 Kh7 19. dxe5 Nxe5 20. f4 Nc4 21. e5 Ne4 22. Nxe4 dxe4 23. Be3 Nxe3 24. Qxe3 f5 25. exf6 Qxf6 26. Ng4 Qf5 27. Nf2 Bf8 28. g4 Qc5 29. Rad1 Rad8 30. Rxd8 Rxd8 31. Bxe4 Qxe3 32. Rxe3 Bc5 33. Re2 Bxe4 34. Rxe4 Rd2 35. Re5 Bxf2+ 36. Kf1 Bb6 37. f5 Rxb2 38. fxg6+ Kxg6 39. Re6+ Kg7 40. h4 Rxa2 41. h5 Rf2+ 42. Ke1 Rf6 43. Re4 Kf7 44. Kd2 Ba5 45. Re3 Rc6 46. Rf3+ Kg7 47. Re3 Bxc3+ 0-1

[Event "Milan Palladino Memorial"]
[Site "Milan"]
[Date "2010.04.04"]
[Round "4"]
[White "Cerasi, Umberto"]
[Black "Arboscelli, Gregorio"]
[Result "1/2-1/2"]
[WhiteElo "2046"]
[BlackElo "1848"]
[PlyCount "56"]
[EventDate "2010.04.01"]
[EventType "swiss"]
[EventRounds "6"]
[EventCountry "ITA"]
[SourceTitle "EXT 2024"]
[Source "ChessBase"]
[SourceDate "2023.10.10"]
[SourceVersion "1"]
[SourceVersionDate "2023.10.10"]
[SourceQuality "1"]

1. d4 Nf6 2. c4 e6 3. Nc3 Bb4 4. Bg5 d5 5. cxd5 exd5 6. Qb3 Bxc3+ 7. bxc3 c6 8. e3 Nbd7 9. Bd3 h6 10. Bh4 g5 11. Bg3 Nh5 12. Bd6 Qf6 13. Ba3 b5 14. Bb2 0-0 15. a4 bxa4 16. Rxa4 Nb6 17. Ra3 Re8 18. Ne2 Bf5 19. Ba6 Rab8 20. Qa2 Nc4 21. Bxc4 dxc4 22. 0-0 Bd3 23. Re1 Bxe2 24. Rxe2 Nf4 25. Rd2 Qf5 26. Qa1 Qe4 27. Qf1 Nd3 28. Qa1 Nf4 1/2-1/2

[Event "Milan Epiphany op"]
[Site "Milan"]
[Date "2010.01.03"]
[Round "2"]
[White "Arboscelli, Gregorio"]
[Black "Attuati, Stefano"]
[Result "0-1"]
[WhiteElo "1885"]
[BlackElo "1812"]
[PlyCount "78"]
[EventDate "2010.01.02"]
[EventType "swiss"]
[EventRounds "7"]
[EventCountry "ITA"]
[SourceTitle "EXT 2024"]
[Source "ChessBase"]
[SourceDate "2023.10.10"]
[SourceVersion "1"]
[SourceVersionDate "2023.10.10"]
[SourceQuality "1"]

1. d4 e6 2. c4 f5 3. Nf3 Nf6 4. g3 d5 5. Bg2 c6 6. 0-0 Bd6 7. b3 Qe7 8. Qc2 0-0 9. Bb2 Nbd7 10. Nbd2 Ne4 11. Ne5 Rf6 12. f3 Ng5 13. h4 Nf7 14. f4 Nh6 15. Bf3 Rf8 16. Nxd7 Bxd7 17. Kf2 Bxf4 18. gxf4 Ng4+ 19. Bxg4 Qxh4+ 20. Ke3 fxg4 21. Nf3 Qg3 22. Kd2 gxf3 23. Rxf3 Qh2 24. Raf1 Be8 25. Ba3 Rf5 26. Bd6 dxc4 27. Qxc4 Rd5 28. Be5 Rad8 29. R1f2 Qh6 30. e3 c5 31. Rg3 Bg6 32. Qe2 cxd4 33. Bxd4 Bh5 34. Qc4 b5 35. Qc3 e5 36. fxe5 Rxd4+ 37. Kc2 Qa6 38. Kb2 b4 39. Qc7 Qa3+ 0-1

[Event "Como Province-ch"]
[Site "Como"]
[Date "2009.02.01"]
[Round "6"]
[White "Falconieri, Goffredo"]
[Black "Arboscelli, Gregorio"]
[Result "0-1"]
[WhiteElo "1759"]
[BlackElo "1897"]
[PlyCount "76"]
[EventDate "2009.01.24"]
[EventType "swiss"]
[EventRounds "6"]
[EventCountry "ITA"]
[SourceTitle "EXT 2011"]
[Source "ChessBase"]
[SourceDate "2010.11.26"]
[SourceVersion "1"]
[SourceVersionDate "2010.11.26"]
[SourceQuality "1"]

1. d4 d5 2. c4 e6 3. Nf3 Nf6 4. Bg5 Nbd7 5. e3 Be7 6. Nc3 c6 7. c5 Qc7 8. Bf4 Qa5 9. Qd2 Nh5 10. Bg3 Nxg3 11. hxg3 Qc7 12. b4 e5 13. dxe5 Nxe5 14. Nxe5 Qxe5 15. Be2 a5 16. bxa5 Bxc5 17. Rb1 d4 18. exd4 Qxd4 19. Qxd4 Bxd4 20. Ne4 Be5 21. Rh5 f5 22. Nc5 g6 23. Rh4 Ra7 24. Ra4 Bc3+ 25. Kd1 0-0 26. Kc2 Bxa5 27. Nb3 Bb6 28. Rxa7 Bxa7 29. f4 Bf2 30. Bc4+ Kg7 31. Rf1 Bxg3 32. Rf3 Bh4 33. Nd4 Re8 34. Kd3 Bf6 35. Ne2 b5 36. Bb3 c5 37. Bc2 b4 38. Bb3 Ba6+ 0-1

[Event "Gorgonzola op-B 12th"]
[Site "Gorgonzola"]
[Date "2007.11.18"]
[Round "5"]
[White "Rossi, Giampiero"]
[Black "Arboscelli, Gregorio"]
[Result "1-0"]
[WhiteElo "1991"]
[BlackElo "1913"]
[PlyCount "63"]
[EventDate "2007.11.10"]
[EventType "swiss"]
[EventRounds "6"]
[EventCountry "ITA"]
[SourceTitle "EXT 2010"]
[Source "ChessBase"]
[SourceDate "2010.11.25"]
[SourceVersion "1"]
[SourceVersionDate "2010.11.25"]
[SourceQuality "1"]

1. d4 Nf6 2. c4 c5 3. dxc5 Na6 4. Nc3 Nxc5 5. f3 d6 6. e4 g6 7. Be3 Bd7 8. Rc1 Bg7 9. Nge2 0-0 10. Nd4 b6 11. Be2 Rc8 12. Qd2 Ne6 13. 0-0 Nxd4 14. Bxd4 Be6 15. b3 Nh5 16. Bxg7 Nxg7 17. Rfd1 Qc7 18. Nd5 Qb7 19. Bf1 Rfd8 20. g3 Rd7 21. Bg2 Ne8 22. f4 Bxd5 23. cxd5 Rxc1 24. Rxc1 Rd8 25. Rc3 Rc8 26. Qc2 Rxc3 27. Qxc3 Nf6 28. h3 h5 29. Qd4 Kf8 30. Kh2 Ke8 31. e5 Ng8 32. e6 1-0

[Event "Milan Citta op-A"]
[Site "Milan"]
[Date "2007.05.20"]
[Round "4"]
[White "Stips, Felix"]
[Black "Arboscelli, Gregorio"]
[Result "1-0"]
[WhiteElo "2029"]
[BlackElo "1899"]
[PlyCount "65"]
[EventDate "2007.05.18"]
[EventType "swiss"]
[EventRounds "5"]
[EventCountry "ITA"]
[SourceTitle "EXT 2010"]
[Source "ChessBase"]
[SourceDate "2010.11.25"]
[SourceVersion "1"]
[SourceVersionDate "2010.11.25"]
[SourceQuality "1"]

1. e4 e6 2. d4 d5 3. Nc3 Bb4 4. e5 b6 5. a3 Bf8 6. f4 Ne7 7. Nf3 h5 8. Be3 Nf5 9. Bf2 Ba6 10. Bxa6 Nxa6 11. Qe2 Nb8 12. 0-0-0 Nc6 13. g3 Na5 14. h3 Nc4 15. Nd2 Nxd2 16. Kxd2 c6 17. g4 hxg4 18. hxg4 Rxh1 19. Rxh1 Nh6 20. Nd1 Rc8 21. Ne3 Qd7 22. c3 c5 23. Qd3 cxd4 24. cxd4 Be7 25. Bh4 Bxh4 26. Rxh4 Qc7 27. Rh1 Qe7 28. g5 Ng8 29. Rh8 Kd7 30. Qh7 Nf6 31. gxf6 Rxh8 32. Qxh8 gxf6 33. Qxf6 1-0

[Event "Milan Citta op-A"]
[Site "Milan"]
[Date "2007.05.19"]
[Round "3"]
[White "Arboscelli, Gregorio"]
[Black "Mileo, Pierpaolo"]
[Result "1-0"]
[WhiteElo "1899"]
[BlackElo "1676"]
[PlyCount "99"]
[EventDate "2007.05.18"]
[EventType "swiss"]
[EventRounds "5"]
[EventCountry "ITA"]
[SourceTitle "EXT 2010"]
[Source "ChessBase"]
[SourceDate "2010.11.25"]
[SourceVersion "1"]
[SourceVersionDate "2010.11.25"]
[SourceQuality "1"]

1. d4 e6 2. e4 d5 3. Nc3 Bb4 4. e5 c5 5. a3 Bxc3+ 6. bxc3 Ne7 7. a4 Nbc6 8. Nf3 0-0 9. Bd3 c4 10. Be2 f6 11. Ba3 Qe8 12. Qd2 Bd7 13. h4 fxe5 14. dxe5 Qf7 15. 0-0-0 Qf4 16. h5 Qxd2+ 17. Rxd2 Rf4 18. g3 Rf5 19. g4 Rf4 20. Rh3 Rxg4 21. Nd4 Rg1+ 22. Kb2 Nxd4 23. cxd4 Nf5 24. a5 Rc8 25. c3 Be8 26. Rd1 Rg2 27. Rf1 Rc6 28. Bf3 Rg5 29. Kb1 Nh6 30. Bc1 Rf5 31. Rg1 Kf8 32. Ba3+ Kg8 33. Rhg3 Rc7 34. Bc1 Rxf3 35. Rxf3 Nf5 36. Rh3 h6 37. Kc2 Kf8 38. Ba3+ Kg8 39. Bc5 a6 40. Rb1 g6 41. hxg6 Bxg6 42. Rg1 Kh7 43. Kd2 Rg7 44. Rgh1 h5 45. Bb6 Bf7 46. Bd8 Rg2 47. Ke1 Kh6 48. Bf6 Be8 49. Ke2 Bf7 50. Rb1 1-0

[Event "Milan Crespi op 27th"]
[Site "Milan"]
[Date "2006.12.09"]
[Round "4"]
[White "Arboscelli, Gregorio"]
[Black "Tagliagambe, Stefano"]
[Result "1/2-1/2"]
[WhiteElo "1923"]
[BlackElo "2050"]
[PlyCount "87"]
[EventDate "2006.12.07"]
[EventType "swiss"]
[EventRounds "6"]
[EventCountry "ITA"]
[SourceTitle "EXT 2008"]
[Source "ChessBase"]
[SourceDate "2007.11.25"]
[SourceVersion "1"]
[SourceVersionDate "2007.11.25"]
[SourceQuality "1"]

1. d4 Nf6 2. c4 a6 3. Nc3 c5 4. d5 b5 5. cxb5 axb5 6. Nxb5 Qa5+ 7. Nc3 Bb7 8. Bd2 Qb6 9. e4 e6 10. Bc4 Nxe4 11. dxe6 fxe6 12. f3 Nxd2 13. Qxd2 Be7 14. Nge2 0-0 15. b3 Qd8 16. 0-0 d5 17. Bd3 Nc6 18. Rad1 Bd6 19. Nb5 Bb8 20. a4 Ne5 21. Qc2 Nxd3 22. Rxd3 Qb6 23. Kh1 Ba6 24. Rc3 Bxb5 25. axb5 Bd6 26. f4 Bxf4 27. Rcf3 Bd6 28. Rxf8+ Rxf8 29. Rxf8+ Bxf8 30. Qd3 Qa5 31. g3 Qa1+ 32. Kg2 Qa8 33. Qf3 e5 34. Nc3 e4 35. Qf5 d4 36. Qxe4 Qa5 37. Qe6+ Kh8 38. Ne4 Qxb5 39. Ng5 h6 40. Nf7+ Kh7 41. Ne5 Qe2+ 42. Kg1 Qe1+ 43. Kg2 Qe2+ 44. Kg1 1/2-1/2

[Event "Lodi op"]
[Site "Lodi"]
[Date "2006.06.06"]
[Round "2"]
[White "Schmitz, Andreas Arnold"]
[Black "Arboscelli, Gregorio"]
[Result "1/2-1/2"]
[WhiteElo "2124"]
[BlackElo "1894"]
[PlyCount "83"]
[EventDate "2006.06.05"]
[EventType "swiss"]
[EventRounds "9"]
[EventCountry "ITA"]
[SourceTitle "CBM 112 Extra"]
[Source "ChessBase"]
[SourceDate "2006.07.14"]
[SourceVersion "1"]
[SourceVersionDate "2006.07.14"]
[SourceQuality "1"]

1. e4 e5 2. Nf3 Nc6 3. Bc4 Be7 4. Nc3 Nf6 5. d3 h6 6. Nd5 d6 7. Nxe7 Qxe7 8. Be3 Be6 9. Bxe6 Qxe6 10. Qd2 Ng4 11. 0-0 Nxe3 12. Qxe3 0-0 13. d4 Nxd4 14. Nxd4 exd4 15. Qxd4 Qe5 16. Qb4 b6 17. f4 Qf6 18. Rf3 a5 19. Qc3 Qxc3 20. Rxc3 Rac8 21. Rd1 Rfe8 22. Rd4 Re7 23. Rxd6 Rce8 24. Rd4 Rxe4 25. Rxe4 Rxe4 26. Rxc7 Rxf4 27. c4 Rd4 28. c5 bxc5 29. Rc8+ Kh7 30. Rxc5 Rd1+ 31. Kf2 Rd2+ 32. Kf3 Rxb2 33. Rxa5 f5 34. h4 Kg6 35. g3 Rb4 36. Ra7 Rb2 37. a3 Rc2 38. Ra4 Ra2 39. Ra7 Kh5 40. Ra5 g5 41. hxg5 hxg5 42. Rxf5 1/2-1/2

[Event "Lodi op"]
[Site "Lodi"]
[Date "2006.06.05"]
[Round "1"]
[White "Arboscelli, Gregorio"]
[Black "Mrdja, Milan"]
[Result "0-1"]
[WhiteElo "1894"]
[BlackElo "2409"]
[PlyCount "68"]
[EventDate "2006.06.05"]
[EventType "swiss"]
[EventRounds "9"]
[EventCountry "ITA"]
[SourceTitle "CBM 112 Extra"]
[Source "ChessBase"]
[SourceDate "2006.07.14"]
[SourceVersion "1"]
[SourceVersionDate "2006.07.14"]
[SourceQuality "1"]

1. d4 g6 2. e4 Bg7 3. Nf3 d6 4. Nc3 a6 5. a4 b6 6. Be3 Bb7 7. Qd2 Nd7 8. Bc4 e6 9. 0-0 h6 10. Rad1 Ne7 11. Rfe1 Nf6 12. Bd3 g5 13. Qe2 Qd7 14. e5 Nfd5 15. Nxd5 Nxd5 16. exd6 cxd6 17. c4 Nxe3 18. Qxe3 0-0 19. b3 Rae8 20. h4 g4 21. Nd2 f5 22. d5 exd5 23. Qxb6 d4 24. Rxe8 Rxe8 25. Bxf5 Qxf5 26. Qxb7 Qc2 27. Rf1 Qxd2 28. Qxa6 Qf4 29. c5 dxc5 30. Qc4+ Qf7 31. Qxc5 Qxb3 32. a5 d3 33. Qc6 Re6 34. Qd7 Qc4 0-1

[Event "Bresso op 3rd"]
[Site "Bresso"]
[Date "2003.06.07"]
[Round "3"]
[White "Rossi, Giampiero"]
[Black "Arboscelli, Gregorio"]
[Result "1-0"]
[WhiteElo "2052"]
[BlackElo "1704"]
[PlyCount "39"]
[EventDate "2003.06.05"]
[EventType "swiss"]
[EventRounds "6"]
[EventCountry "ITA"]
[SourceTitle "EXT 2024"]
[Source "ChessBase"]
[SourceDate "2023.10.10"]
[SourceVersion "1"]
[SourceVersionDate "2023.10.10"]
[SourceQuality "1"]

1. d4 Nf6 2. c4 e6 3. Nc3 Bb4 4. Qc2 c5 5. dxc5 Nc6 6. Nf3 Qa5 7. Bd2 Qxc5 8. e3 Ne5 9. Nxe5 Qxe5 10. Be2 0-0 11. 0-0 d5 12. cxd5 exd5 13. Rfd1 Bf5 14. Qb3 Bd6 15. g3 b6 16. Be1 Be4 17. Nxe4 dxe4 18. Bc3 Qe7 19. Rd2 Be5 20. Bb4 1-0